| 000 | 00873nam a22002531u 4500 | ||
|---|---|---|---|
| 001 | 07013 | ||
| 003 | HDC | ||
| 007 | cr bn --- | ||
| 008 | 210126p2015 o d 00 engg | ||
| 040 | _aHDC | ||
| 100 |
_aH. Sapta Nirwandar, H., _cDr. _eauthor _97512 |
||
| 245 | 0 |
_aHalal Lifestyle In Indonesia / by _cDr. H. Sapta Nirwandar |
|
| 260 |
_a[No Place] : _b[publisher not identified], _c2015 |
||
| 300 |
_a16 pages : _billustrations |
||
| 336 |
_atext _2rdacontent |
||
| 337 |
_acomputer _2rdamedia |
||
| 338 |
_aonline resource _2rdacarrier |
||
| 650 |
_aHalal lifestyle _zMalaysia _97513 |
||
| 650 |
_aMuslim consumer _9584 |
||
| 856 | _zRequest full-text at [email protected] | ||
| 942 | _2lcc | ||
| 942 | _cSLIDE | ||
| 942 | _kSLID 000237 | ||
| 999 |
_c4337 _d4337 |
||